Responses for Show #1561 - Monday, May 20, 1991

Contestants

[<< previous game]

Mark Dixon, a bank teller originally from Wilmington, Delaware

Mickey Tennenbaum, a teacher originally from The Hague, Holland

Dan Hackett, a psychiatric resident originally from Flushing, New York (whose 1-day cash winnings total $15,200)

[next game >>]

Jeopardy! Round responses

SCIENCE & NATURE
SILLY SONGS
POT LUCK
PEN NAMES
DESIGN
FAMOUS BEACHES
    $100 1
alpha

Dan
    $100 3
by the sea (by the beautiful sea)

Mickey
    $100 21
a stool pigeon

Mark
    $100 7
[Laughter]
(Alex: Didn't that work out beautifully?)

Mickey

Mickey
    $100 26
a canopy

Mickey
    $100 13
Daytona

Mark
    $200 2
sand

Mark
    $200 4
"Bill Bailey, Won't You Please... Come Home"

Mickey
    $200 22
Chevrolet

Mark
    $200 8
(Mickey: What's uh, Tamara... Janowitz?)

Tama Janowitz

Mickey
Triple Stumper
    $200 27
a circle

Mark
    $200 14
Coney Island

Dan
    $300 15
bees

Mark
    $300 5
knick knack (paddy whack give the dog a bone)

Mickey
    $300 23
American Association for Retired Persons

Mark
    $300 9
Louis L'Amour

Mark
    $300 28
Central Park

Mickey
    $300 18
Waikiki

Mark
    $400 16
neap tide

Mark
    $400 6
Harry

Dan
    $400 24
beets

Mickey
    $400 11
Beaumarchais

Mark
    $400 29
China

Mark
    $1,400 19
Maryland

Mark
    $500 17
protozoa

Mark
    $500 10
"Here We Go Gathering Nuts In May"

Mickey
    $500 25
(Alex: We have a minute to go.)

James Hilton

Mickey
    $500 12
Toni Morrison

Mark
    $500 30
batik

Mark
    $500 20
(Mark: What is the Caspian Sea?)

the Black Sea

DanMark

Scores at the first commercial break (after clue 14):

Dan Mickey Mark
$700 $1,000 $1,500

Scores at the end of the Jeopardy! Round:

Dan Mickey Mark
$1,200 $2,300 $5,600

Double Jeopardy! Round responses

SHAKESPEARE
THE CONSTITUTION
COMPOSERS
U.S. CITIES
NORSE MYTHOLOGY
COMPLETES THE PROVERB
    $200 11
Antony

Mickey
    $200 21
Philadelphia

Mark
    $200 4
Cole Porter

Mark
    $200 13
Buffalo

Dan
    $200 1
an eye

Dan
    $200 26
the harder they fall

Mark
    $400 12
Cressida

Dan
    $400 22
the First Amendment

Dan
    $400 5
Beethoven

Mark
    $400 14
(Dan: What is Miami?)

Tampa

DanMickey
    $400 2
Valhalla

Dan
    $400 27
shouldn't throw stones

Mickey
    $600 15
(Mark: Who is Macduff?)

(King) Duncan

MickeyMark
    $600 23
25

Dan
    $600 6
Mozart

Mickey
    $600 18
Independence (Missouri)

Dan
    $600 3
Balder

Mickey
    $600 28
its weakest link

Mickey
    $800 16
As You Like It

Mickey
    $800 24
due process of law

Dan
    $2,000 7
George Gershwin

Mickey
    $800 19
Gary

Mark
    $800 9
a chariot

Mark
    $2,000 29
as those who (will not) won't see

Mickey
    $1000 17
Timon (of Athens)

Dan
    $1000 25
the Lame Duck Amendment

Mickey
    $1000 8
Haydn

Dan
    $1000 20
Vermont

Dan
    $1000 10
Loki

Mark
    $1000 30
deserve the fair

Triple Stumper

Scores at the end of the Double Jeopardy! Round:

Dan Mickey Mark
$7,400 $11,500 $8,600

[wagering suggestions for these scores]

Final Jeopardy! Round responses

WORLD POLITICS
(Alex: We have, as you know, accepted England as a synonym for Great Britain; and that's not to upset the purists mind you because we know there is a difference, but in this context England is acceptable.)
DanWhat are Iceland and Malta?
$1,000
MarkWhat are the U.K. & Iceland
$8,600
MickeyWhat are Iceland & England?
$6,000
Iceland & United Kingdom (England)

Final scores:

Dan Mickey Mark
$6,400 $17,500 $17,200
3rd place: Krementz gold ring + Nintendo Entertainment system with Wheel of Fortune, Jeopardy! & Fisher Price preschool games + Wheel of Fortune for Game Boy. New champion: $17,500 2nd place: a trip on Cayman Airways to the Cayman Islands

Game dynamics:

Coryat scores:

Dan Mickey Mark
$7,400 $9,100 $7,600
15 R,
1 W
20 R
(including 2 DDs),
1 W
23 R
(including 1 DD),
2 W

Combined Coryat: $24,100

[game clues] [game scores] [suggest correction]

Game tape date: 1991-02-25
The J! Archive is created by fans, for fans. Scraping, republication, monetization, and malicious use prohibited; this site may use cookies and collect identifying information. See terms. The Jeopardy! game show and all elements thereof, including but not limited to copyright and trademark thereto, are the property of Jeopardy Productions, Inc. and are protected under law. This website is not affiliated with, sponsored by, or operated by Jeopardy Productions, Inc. Join the discussion at JBoard.tv.